000 00400pab a2200145 454500
008 180718b1986 xxu||||| |||| 00| 0 eng d
100 _aLiang, Ziao
245 _aThe welfare system as it applies to staff and workers in China
260 _c1986
300 _a449-58
650 _aPublic Welfare - China
700 _aWang Yongle
773 _aInternational Social Science Journal
909 _a16772
999 _c16772
_d16772